[Event "London Classic Open 2018"]
[Site "London ENG"]
[Date "2018.12.10"]
[Round "2.30"]
[White "Willmoth, Robert F"]
[Black "Wadsworth, Matthew J"]
[Result "0-1"]
[WhiteTitle "CM"]
[BlackTitle "FM"]
[WhiteElo "2144"]
[BlackElo "2364"]
[WhiteFideId "402540"]
[BlackFideId "415804"]
[EventDate "2018.12.09"]

1. d4 Nf6 2. Nf3 c5 3. c3 b6 4. Bg5 e6 5. d5 h6 6. Bxf6 Qxf6 7. e4 Bb7 8. Na3
exd5 9. exd5 Bd6 10. Qe2+ Kd8 11. O-O-O Re8 12. Qc2 Na6 13. Nb5 Bf4+ 14. Kb1 Nc7
15. Nxc7 Kxc7 16. Qd3 Re7 17. g3 Bd6 18. Bg2 Rae8 19. Rd2 g5 20. Rhd1 Kb8 21.
Bh3 Re4 22. Bg2 Qe7 23. Nxg5 hxg5 24. Bxe4 Qxe4 25. Qxe4 Rxe4 26. f3 Re3 27. Rf2
Ba6 28. Kc1 f5 29. Kc2 Be5 30. f4 gxf4 31. gxf4 Bd6 32. b3 Rh3 33. a4 c4 34. b4
b5 35. axb5 Bxb5 36. Rg1 Be7 37. Rg6 Kc7 38. Re2 Bd6 39. Rf2 Rh4 40. Rf6 Bxf4
41. Rxf5 Bxh2 42. Rg2 Bd6 43. Rf3 Ba6 44. Rgf2 Bb7 45. Rf5 Re4 46. Kd1 Be5 47.
R5f3 Bxd5 48. Kc2 Rh4 49. Re3 d6 50. Rfe2 Kc6 51. Kb2 Rh7 52. Rf2 a5 53. bxa5
Ra7 54. Rf8 Kc5 55. Rc8+ Bc6 56. Rh3 Rxa5 57. Rh7 Ra6 58. Rhc7 Kd5 59. Rb8 Ba4
60. Rcc8 Bb3 61. Ra8 Rxa8 62. Rxa8 Ke4 63. Rg8 Kd3 64. Ka3 Bc2 65. Kb4 Bxc3+ 66.
Kb5 Be5 67. Rc8 c3 0-1

[Event "London Classic Open 2018"]
[Site "London ENG"]
[Date "2018.12.10"]
[Round "2.31"]
[White "Mihajlov, Sebastian"]
[Black "Smith, Andrew Philip"]
[Result "1/2-1/2"]
[WhiteTitle "IM"]
[BlackTitle "FM"]
[WhiteElo "2358"]
[BlackElo "2157"]
[WhiteFideId "1512110"]
[BlackFideId "2500833"]
[EventDate "2018.12.09"]

1. d4 d6 2. e4 Nd7 3. c4 e5 4. Nf3 c6 5. Nc3 h6 6. Be2 Ne7 7. Be3 Ng6 8. Qd2 Be7
9. g3 Nf6 10. h3 Qc7 11. d5 cxd5 12. cxd5 a6 13. Rc1 Qa5 14. Kf1 Bd7 15. Kg2 Rc8
16. Ne1 Bd8 17. b4 Qxb4 18. Nb5 Ba5 19. Nxd6+ Qxd6 20. Qxa5 Rxc1 21. Bxc1 b6 22.
Qxa6 Nxe4 23. Ba3 Nc5 24. Bf3 O-O 25. Nd3 Nh4+ 26. Kf1 Nxa6 27. Bxd6 Nxf3 28.
Bxf8 Kxf8 29. Kg2 Bf5 30. Kxf3 Bxd3 31. Rc1 Nc5 32. Ke3 e4 33. a4 Nxa4 34. Rc7
Nc5 35. d6 Ke8 36. Re7+ Kf8 37. Rc7 Ke8 38. Re7+ Kf8 1/2-1/2

[Event "London Classic Open 2018"]
[Site "London ENG"]
[Date "2018.12.10"]
[Round "2.32"]
[White "Tozer, Philip A A"]
[Black "Lane, Gary W"]
[Result "0-1"]
[BlackTitle "IM"]
[WhiteElo "2137"]
[BlackElo "2353"]
[WhiteFideId "419982"]
[BlackFideId "3203301"]
[EventDate "2018.12.09"]

1. c4 e5 2. g3 Nc6 3. Nc3 g6 4. Bg2 Bg7 5. e4 d6 6. Nge2 h5 7. h4 Bg4 8. f3 Be6
9. d3 Qd7 10. Bg5 f6 11. Be3 Nge7 12. Nd5 f5 13. Bg5 O-O 14. O-O Nc8 15. Qd2 Nd8
16. f4 c6 17. Ne3 Ne7 18. d4 exd4 19. Nxd4 fxe4 20. Bxe4 Nf5 21. Bxf5 Bxf5 22.
Nexf5 gxf5 23. Bxd8 Raxd8 24. Rfe1 Rfe8 25. Rad1 Re4 26. Nf3 Rxc4 27. Ne5 Bxe5
28. fxe5 Qg7 29. exd6 Qxg3+ 30. Qg2 Qxg2+ 31. Kxg2 Rxh4 32. Re5 Rg4+ 33. Kf3 Rg6
34. d7 Kf7 35. Rxf5+ Rf6 36. Kf4 Rxf5+ 37. Kxf5 Ke7 38. Kg5 Rxd7 39. Re1+ Kd6
40. Kxh5 Kc5 41. Re2 Kc4 42. Kg4 Kd3 43. Rh2 a5 44. Kf4 Re7 45. Rh5 a4 46. b3
axb3 47. axb3 Kc3 48. Rh3+ Kb4 49. Rg3 b5 50. Rh3 c5 51. Rg3 c4 52. bxc4 Kxc4
53. Rg8 b4 54. Rc8+ Kb3 0-1

[Event "London Classic Open 2018"]
[Site "London ENG"]
[Date "2018.12.10"]
[Round "2.34"]
[White "Burrows, Martin P"]
[Black "Sowray, Peter J"]
[Result "0-1"]
[BlackTitle "FM"]
[WhiteElo "2134"]
[BlackElo "2342"]
[WhiteFideId "409057"]
[BlackFideId "400971"]
[EventDate "2018.12.09"]

1. e4 e5 2. Nf3 Nc6 3. Bb5 a6 4. Ba4 Nf6 5. O-O Be7 6. Re1 b5 7. Bb3 d6 8. c3
O-O 9. h3 Nb8 10. d4 Nbd7 11. Nbd2 Bb7 12. Bc2 Re8 13. a4 Bf8 14. Bd3 c6 15. b3
g6 16. Bb2 Nh5 17. Qc2 Nf4 18. Bf1 Rc8 19. axb5 cxb5 20. d5 Qf6 21. g3 Nh5 22.
b4 Nb6 23. Nh2 Qe7 24. Ng4 Na4 25. Ne3 Bh6 26. Nb3 Rf8 27. Na5 Nxb2 28. Qxb2 f5
29. Nxb7 Qxb7 30. exf5 gxf5 31. Qe2 Bxe3 32. Qxe3 f4 33. gxf4 Nxf4 34. Kh2 Kh8
35. Be2 Rg8 36. Bf3 Qg7 37. Be4 Ng2 38. Qb6 Nxe1 39. Rxe1 Rxc3 0-1

[Event "London Classic Open 2018"]
[Site "London ENG"]
[Date "2018.12.10"]
[Round "2.35"]
[White "Bradbury, Neil H"]
[Black "Bezuidenhout, Roland"]
[Result "1-0"]
[WhiteTitle "IM"]
[BlackTitle "FM"]
[WhiteElo "2336"]
[BlackElo "2145"]
[WhiteFideId "400513"]
[BlackFideId "14304562"]
[EventDate "2018.12.09"]

1. d4 Nf6 2. c4 e6 3. Nf3 d5 4. Nc3 dxc4 5. Qa4+ c6 6. Qxc4 b5 7. Qb3 a6 8. g3
Bb7 9. Bg2 c5 10. O-O Nbd7 11. Rd1 c4 12. Qc2 b4 13. Nb1 Rc8 14. Bg5 Be7 15. a3
Qa5 16. Nbd2 b3 17. Qb1 Qb5 18. e4 Nb6 19. e5 Nfd7 20. Ne4 Bxe4 21. Qxe4 Na4 22.
Bxe7 Kxe7 23. d5 Nxb2 24. Nd4 Qa5 25. dxe6 Nxd1 26. Nf5+ Kf8 27. exd7 Rd8 28.
Rxd1 g6 29. Ne3 c3 30. e6 c2 31. e7+ Kg7 32. Nxc2 1-0

[Event "London Classic Open 2018"]
[Site "London ENG"]
[Date "2018.12.10"]
[Round "2.36"]
[White "Lindholm, Jere"]
[Black "Taylor, Adam C"]
[Result "1/2-1/2"]
[BlackTitle "FM"]
[WhiteElo "2130"]
[BlackElo "2331"]
[WhiteFideId "508012"]
[BlackFideId "424668"]
[EventDate "2018.12.09"]

1. e4 e5 2. Nf3 Nc6 3. Bb5 Nf6 4. d3 Bc5 5. Bxc6 dxc6 6. Nbd2 O-O 7. Qe2 Re8 8.
Nc4 Nd7 9. Bd2 f6 10. Ne3 Nf8 11. O-O-O Be6 12. Kb1 Qd7 13. Rdg1 a5 14. h3 Qf7
15. a3 Ng6 16. h4 b5 17. h5 Nf4 18. Qf1 b4 19. a4 b3 20. g3 bxc2+ 21. Kc1 Nxh5
22. g4 Nf4 23. g5 Rad8 24. gxf6 Nxd3+ 25. Kxc2 Qxf6 26. Qg2 Rd7 27. Ng4 Bxg4 28.
Qxg4 Qe6 29. Qh5 g6 30. Rxg6+ Qxg6 31. Rg1 1/2-1/2

[Event "London Classic Open 2018"]
[Site "London ENG"]
[Date "2018.12.10"]
[Round "2.37"]
[White "Paterek, Michal"]
[Black "Gant, Chris J"]
[Result "1-0"]
[WhiteTitle "FM"]
[BlackTitle "FM"]
[WhiteElo "2328"]
[BlackElo "2135"]
[WhiteFideId "1116142"]
[BlackFideId "403946"]
[EventDate "2018.12.09"]

1. d4 Nf6 2. c4 c5 3. d5 b5 4. cxb5 a6 5. b6 d6 6. Nc3 Qxb6 7. a4 Nbd7 8. a5 Qa7
9. e4 g6 10. f4 Bg7 11. Bc4 O-O 12. Nf3 Rb8 13. O-O Ne8 14. Qd3 Nc7 15. Kh1 Nb5
16. Ra2 Nf6 17. Na4 Ne8 18. Be3 Qc7 19. Nb6 Nf6 20. Nxc8 Rfxc8 21. b3 Qd7 22.
Re2 Qc7 23. Bd2 Nd7 24. Rc1 Bb2 25. Rce1 Bg7 26. e5 Rf8 27. h4 Rfe8 28. h5 Nf8
29. hxg6 hxg6 30. f5 Nd4 31. Nxd4 cxd4 32. e6 fxe6 33. fxe6 Bf6 34. Re4 1-0

[Event "London Classic Open 2018"]
[Site "London ENG"]
[Date "2018.12.10"]
[Round "2.38"]
[White "Bhawoodien, Mohamed Ozayr"]
[Black "Derakhshani, Borna"]
[Result "0-1"]
[WhiteTitle "FM"]
[BlackTitle "FM"]
[WhiteElo "2123"]
[BlackElo "2325"]
[WhiteFideId "14306484"]
[BlackFideId "12518450"]
[EventDate "2018.12.09"]

1. d4 Nf6 2. c4 g6 3. Nc3 d5 4. Nf3 Bg7 5. h4 O-O 6. cxd5 Nxd5 7. h5 Nxc3 8.
bxc3 Re8 9. hxg6 hxg6 10. Bh6 Bh8 11. Qc1 c5 12. Bf8 Bf6 13. Qh6 Nd7 14. Qh7+
Kxf8 15. Ng5 Bg7 16. Ne6+ fxe6 17. Qxg6 Nf6 18. e4 cxd4 19. e5 Qa5 20. exf6
Qxc3+ 21. Ke2 d3+ 0-1

[Event "London Classic Open 2018"]
[Site "London ENG"]
[Date "2018.12.10"]
[Round "2.39"]
[White "Fischer, Daniel"]
[Black "Menzies, Colin"]
[Result "1/2-1/2"]
[WhiteTitle "FM"]
[WhiteElo "2324"]
[BlackElo "2132"]
[WhiteFideId "1328360"]
[BlackFideId "2502755"]
[EventDate "2018.12.09"]

1. e4 c6 2. d4 d5 3. Nc3 dxe4 4. Nxe4 Bf5 5. Ng3 Bg6 6. Nf3 Nd7 7. Bc4 e6 8. O-O
Ngf6 9. Re1 Nb6 10. Bb3 Be7 11. c3 O-O 12. Nh4 c5 13. Nxg6 hxg6 14. dxc5 Qxd1
15. Bxd1 Bxc5 16. Bf3 Nbd5 17. Bg5 Rab8 18. Rad1 b5 19. Rd3 Nb6 20. Re5 Nfd7 21.
Re2 Nf6 22. b3 Rbc8 23. Bb7 Rb8 24. Bc6 Nbd5 25. Ne4 Nxe4 26. Rxe4 Ne7 27. Bd7
Rb7 28. b4 Nd5 29. Bc6 Rc7 30. Bxb5 Bxf2+ 31. Kxf2 Nxc3 32. Rxc3 Rxc3 33. a4 Rb3
34. Be3 Ra8 35. Ba6 f5 36. Rc4 Rb2+ 37. Kf3 e5 38. h4 Kh7 39. b5 Rb3 40. Ke2
Rb2+ 41. Kd3 Rxg2 42. Rc8 Rxc8 43. Bxc8 Rg3 44. Ke2 Rg2+ 45. Kf1 Rc2 46. Ba6 Ra2
47. Bxa7 Rxa4 48. Bb8 e4 49. Bf4 Ra1+ 50. Ke2 Rb1 51. Kd2 Rf1 52. b6 Rxf4 53. b7
e3+ 54. Kc3 Re4 55. b8=Q e2 56. Bxe2 Rxe2 57. Kd3 Re4 58. Qd8 Ra4 59. Ke3 Ra3+
60. Kd4 Ra4+ 61. Kd5 Ra6 62. Qg5 Ra5+ 63. Kc6 Ra6+ 64. Kb7 Rf6 65. Qf4 Re6 66.
Kc8 Re4 67. Qg5 Rg4 68. Qd8 Rc4+ 69. Kb7 Re4 70. Kc6 Re6+ 71. Kd5 Rf6 72. Ke5 f4
73. Qd2 f3 74. Qf2 Kh8 75. Ke4 Kh7 76. Ke3 Kh6 77. Kd2 Kh7 78. Ke1 Re6+ 79. Kf1
Rf6 80. Kg1 Kh8 81. Kh2 Kh7 82. Kg3 Kh8 83. Kg4 1/2-1/2

[Event "London Classic Open 2018"]
[Site "London ENG"]
[Date "2018.12.10"]
[Round "2.41"]
[White "Lyell, Mark"]
[Black "Osborne, Marcus E"]
[Result "1/2-1/2"]
[WhiteTitle "FM"]
[WhiteElo "2317"]
[BlackElo "2128"]
[WhiteFideId "402354"]
[BlackFideId "404608"]
[EventDate "2018.12.09"]

1. e4 e6 2. d4 d5 3. e5 c5 4. c3 Qb6 5. Nf3 Nc6 6. a3 c4 7. Nbd2 Na5 8. Be2 Bd7
9. Nf1 O-O-O 10. Ng3 f5 11. Bg5 Ne7 12. Rb1 h6 13. Bxe7 Bxe7 14. O-O g5 15. Nh5
Be8 16. Nd2 f4 17. Qc2 Qc7 18. Bg4 Bf7 19. Qa4 Kb8 20. Ng7 Rdg8 21. Nxe6 Qc8 22.
Qxa5 Bxe6 23. Bxe6 Qxe6 24. b3 cxb3 25. Rxb3 Bd8 26. Qb5 Rg7 27. c4 dxc4 28.
Nxc4 a6 29. Qb4 Rc7 30. Nd6 Be7 31. Rfb1 Rd8 32. Qxb7+ Rxb7 33. Rxb7+ Ka8 34.
R7b6 Ka7 35. Rb7+ Ka8 36. R7b6 Ka7 37. Rb7+ 1/2-1/2

[Event "London Classic Open 2018"]
[Site "London ENG"]
[Date "2018.12.10"]
[Round "2.42"]
[White "Johnson, Daniel"]
[Black "Wu, Li"]
[Result "0-1"]
[WhiteElo "2111"]
[BlackElo "2317"]
[WhiteFideId "1721283"]
[BlackFideId "411086"]
[EventDate "2018.12.09"]

1. d4 Nf6 2. c4 e6 3. Nc3 Bb4 4. Qc2 O-O 5. Nf3 c5 6. dxc5 Na6 7. g3 Nxc5 8. Bg2
Nce4 9. Bd2 Nxd2 10. Nxd2 a6 11. O-O Rb8 12. e4 d6 13. a3 Bc5 14. Rad1 Qc7 15.
b4 Ba7 16. h3 Bd7 17. Qd3 Rfd8 18. Kh2 Rbc8 19. Rc1 Qb8 20. a4 e5 21. a5 b6 22.
axb6 Qxb6 23. Rb1 Bc6 24. Nd5 Bxd5 25. exd5 Qd4 26. Qe2 h5 27. Rb3 h4 28. Rd3
hxg3+ 29. fxg3 Qb6 30. Rb3 Qd4 31. Rd3 Qb2 32. Rb3 Qa2 33. g4 Nh7 34. Be4 Nf8
35. Bb1 Qa4 36. Rbf3 Rc7 37. Rb3 Bd4 38. Bd3 Rb8 39. Rfb1 Rcb7 40. b5 Nd7 41.
Ne4 Rb6 42. Rb4 Qa3 43. R4b3 Qa5 44. Qf3 axb5 45. cxb5 Nc5 46. Ng5 Qd2+ 0-1

[Event "London Classic Open 2018"]
[Site "London ENG"]
[Date "2018.12.10"]
[Round "2.43"]
[White "Van Zyl-Rudd, Jack"]
[Black "Sedykh, Mikhail"]
[Result "1-0"]
[WhiteTitle "FM"]
[WhiteElo "2306"]
[BlackElo "2118"]
[WhiteFideId "14309017"]
[BlackFideId "447498"]
[EventDate "2018.12.09"]

1. d4 Nf6 2. c4 c5 3. d5 e6 4. Nc3 exd5 5. cxd5 d6 6. e4 g6 7. f4 Bg7 8. Bb5+
Nfd7 9. a4 O-O 10. Nf3 Na6 11. O-O Nb4 12. Be3 a6 13. Be2 Re8 14. Bf2 Nf6 15.
Nd2 Rb8 16. Bg3 Qd7 17. Bf3 Ng4 18. Nc4 Bd4+ 19. Kh1 Ne3 20. Nxe3 Bxe3 21. e5 f5
22. exf6 Qf5 23. h3 Qxf6 24. Ne4 Qd8 25. f5 Bxf5 26. Nxd6 Bc2 27. Qe1 Re7 28.
Bg4 Nxd5 29. Qe2 Bf4 30. Be6+ Kg7 31. Bxf4 1-0

[Event "London Classic Open 2018"]
[Site "London ENG"]
[Date "2018.12.10"]
[Round "2.45"]
[White "Abbas, Daniel"]
[Black "Karia, Rishul"]
[Result "1-0"]
[WhiteTitle "FM"]
[WhiteElo "2280"]
[BlackElo "1851"]
[WhiteFideId "423831"]
[BlackFideId "429384"]
[EventDate "2018.12.09"]

1. e4 e5 2. Nf3 Nc6 3. Bb5 Nge7 4. Nc3 g6 5. d4 Bg7 6. Be3 O-O 7. d5 Nb8 8. d6
Nec6 9. O-O Re8 10. Bc4 Na5 11. Bxf7+ Kxf7 12. Qd5+ Re6 13. Ng5+ Kg8 14. Nxe6
dxe6 15. Qxa5 Qxd6 16. Rad1 Qe7 17. Bc5 Nc6 18. Bxe7 Nxa5 19. Nb5 Nc6 20. Nxc7
Rb8 21. Bd6 Bf8 22. f4 Bxd6 23. Rxd6 exf4 24. Rxf4 e5 25. Rf2 Na5 26. Rd8+ Kg7
27. Rff8 1-0

[Event "London Classic Open 2018"]
[Site "London ENG"]
[Date "2018.12.10"]
[Round "2.48"]
[White "Cornette, Matthieu"]
[Black "Davison, Chris"]
[Result "1-0"]
[WhiteTitle "GM"]
[WhiteElo "2597"]
[BlackElo "2068"]
[WhiteFideId "620084"]
[BlackFideId "407801"]
[EventDate "2018.12.09"]

1. d4 Nf6 2. c4 g6 3. Nc3 Bg7 4. e4 d6 5. h3 O-O 6. Be3 e5 7. d5 a5 8. g4 Na6 9.
Nge2 Nc5 10. Ng3 c6 11. Qd2 cxd5 12. cxd5 b6 13. f3 Ne8 14. h4 f5 15. gxf5 gxf5
16. Bg5 Bf6 17. Bb5 Ng7 18. Rg1 Kh8 19. O-O-O Ra7 20. Rg2 Raf7 21. Rdg1 Bxg5 22.
hxg5 fxe4 23. g6 Rf4 24. Ngxe4 Nxe4 25. fxe4 h5 26. Ne2 Qc7+ 27. Bc6 Bg4 28.
Nxf4 Rxf4 29. Rxg4 hxg4 30. Qh2+ 1-0

[Event "London Classic Open 2018"]
[Site "London ENG"]
[Date "2018.12.10"]
[Round "2.49"]
[White "Hawkins, Jonathan"]
[Black "Bin-Suhayl, Ieysaa"]
[Result "1-0"]
[WhiteTitle "GM"]
[WhiteElo "2583"]
[BlackElo "2038"]
[WhiteFideId "412686"]
[BlackFideId "429031"]
[EventDate "2018.12.09"]

1. e4 e6 2. d4 d5 3. exd5 exd5 4. Nf3 Bd6 5. c4 dxc4 6. Bxc4 Nf6 7. O-O O-O 8.
Bg5 h6 9. Bh4 Bg4 10. h3 Bh5 11. g4 Bg6 12. Ne5 Bh7 13. Qb3 Qe7 14. Qxb7 Bxe5
15. dxe5 Qxe5 16. Qxa8 Qxb2 17. Bxf6 gxf6 18. Nd2 Qxd2 19. Qxa7 Qc3 20. Qxc7
Qxh3 21. Qg3 Qxg3+ 22. fxg3 Kg7 23. Bb5 Be4 24. Rad1 Bc6 25. a4 Re8 26. Rd6 Re6
27. Rxe6 fxe6 28. Rc1 Bf3 29. Rc7+ Kg6 30. Be8+ 1-0

[Event "London Classic Open 2018"]
[Site "London ENG"]
[Date "2018.12.10"]
[Round "2.50"]
[White "Akash Pc, Iyer"]
[Black "Marentini, Marcel"]
[Result "1-0"]
[WhiteTitle "IM"]
[WhiteElo "2441"]
[BlackElo "2030"]
[WhiteFideId "5006775"]
[BlackFideId "1318730"]
[EventDate "2018.12.09"]

1. d4 f5 2. Bg5 g6 3. Nc3 Bg7 4. Qd2 Nc6 5. e3 Nf6 6. f3 d5 7. Nge2 Be6 8. Nf4
Bf7 9. Bh4 a6 10. Be2 h6 11. Nd3 g5 12. Bf2 Nd7 13. O-O-O e6 14. Bg3 O-O 15. h4
b5 16. hxg5 hxg5 17. f4 g4 18. Bh4 Bf6 19. Qe1 Kg7 20. Ne5 Ncxe5 21. dxe5 Bxh4
22. Rxh4 Rh8 23. Rxh8 Qxh8 24. e4 Qh6 25. Qg3 Nxe5 26. exf5 exf5 27. Nxd5 Rd8
28. Qc3 Rxd5 29. Rxd5 Qxf4+ 30. Rd2 Kg6 31. g3 Qe4 32. Qxc7 Nf3 33. Rd6+ Be6 34.
Qb6 Ng5 35. Qf2 a5 36. Bd3 Qe5 37. Rb6 Qd5 38. b3 Qe5 39. Kb1 Nf3 40. Rxb5 Qc3
41. Qe2 Kf6 42. Rb6 Nd4 43. Qe3 Qc5 44. Qh6+ Ke5 45. Qg7+ Kd5 46. c4+ 1-0

[Event "London Classic Open 2018"]
[Site "London ENG"]
[Date "2018.12.10"]
[Round "2.51"]
[White "Zhou, Yang-Fan"]
[Black "Millward, Kevin P"]
[Result "1-0"]
[WhiteTitle "IM"]
[WhiteElo "2434"]
[BlackElo "2012"]
[WhiteFideId "468584"]
[BlackFideId "404721"]
[EventDate "2018.12.09"]

1. e4 d5 2. exd5 Qxd5 3. Nc3 Qd6 4. d4 Nf6 5. Nf3 c6 6. Ne5 Nbd7 7. Nc4 Qc7 8.
a4 Nb6 9. Ne5 Bf5 10. g4 Bg6 11. h4 Be4 12. Nxe4 Nxe4 13. Qf3 Nd6 14. a5 Nd7 15.
a6 b6 16. Bf4 Rc8 17. Nxf7 Rg8 18. Nxd6+ exd6 19. Bc4 Rh8 20. O-O-O Be7 21. Rhe1
Kd8 22. Rxe7 1-0

[Event "London Classic Open 2018"]
[Site "London ENG"]
[Date "2018.12.10"]
[Round "2.52"]
[White "Gilevych, Artem"]
[Black "Keely, Leo A"]
[Result "1-0"]
[WhiteTitle "IM"]
[WhiteElo "2409"]
[BlackElo "1964"]
[WhiteFideId "14121379"]
[BlackFideId "410241"]
[EventDate "2018.12.09"]

1. d4 Nf6 2. c4 g6 3. Nc3 Bg7 4. e4 d6 5. Be2 O-O 6. Bg5 Na6 7. Nf3 c5 8. d5 h6
9. Bd2 Nd7 10. O-O Nc7 11. Bf4 a6 12. Qd2 Kh7 13. a4 a5 14. Rfe1 Na6 15. Bf1 f6
16. Kh1 Ne5 17. Ng1 Nb4 18. Bg3 h5 19. f4 Bh6 20. h3 Nd7 21. Nf3 Rf7 22. Qe2 Bg7
23. e5 dxe5 24. fxe5 Rf8 25. e6 Ne5 26. Nxe5 fxe5 27. Bxe5 Bxe5 28. Qxe5 Rf5 29.
Qe4 Qf8 30. Bd3 b6 31. Rf1 Nxd3 32. Qxd3 Ba6 33. Rxf5 Qxf5 34. Qxf5 gxf5 35. b3
Kg7 36. Rf1 Kg6 37. Kh2 Rg8 38. Ne2 h4 39. Rf4 Kg5 40. Kg1 Bb7 41. Rf3 Kf6 42.
Kf2 Ke5 43. Re3+ Kd6 44. Ng1 Ra8 45. Nf3 b5 46. Nxh4 f4 47. Nf5+ Kc7 48. Rc3
bxa4 49. bxa4 Kd8 50. Kf3 Ba6 51. Kxf4 Rb8 52. Ke5 Rb2 53. Ne3 Kc7 54. h4 Ra2
55. h5 Rxa4 56. h6 Rb4 57. h7 Rb8 58. Kf5 Kd6 59. Kg6 Ke5 60. Kg7 Kd4 61. Ra3
Bxc4 62. Nxc4 Kxc4 63. Rxa5 Kxd5 64. h8=Q Rxh8 65. Kxh8 1-0

[Event "London Classic Open 2018"]
[Site "London ENG"]
[Date "2018.12.10"]
[Round "2.53"]
[White "Jukes, Sam"]
[Black "Bates, Richard A"]
[Result "0-1"]
[BlackTitle "IM"]
[WhiteElo "1888"]
[BlackElo "2372"]
[WhiteFideId "1803182"]
[BlackFideId "403555"]
[EventDate "2018.12.09"]

1. e4 c5 2. Nf3 d6 3. d4 cxd4 4. Qxd4 Nc6 5. Bb5 Bd7 6. Bxc6 Bxc6 7. Nc3 e5 8.
Qd3 h6 9. O-O Nf6 10. Nd2 Be7 11. Nc4 b5 12. Ne3 b4 13. Ncd5 Nxd5 14. Nxd5 Bxd5
15. Qxd5 O-O 16. Bd2 Rb8 17. c3 bxc3 18. Bxc3 Qb6 19. Kh1 Rfc8 20. f4 Rc5 21.
Qd3 Qc6 22. fxe5 dxe5 23. Rad1 Rb7 24. Rf5 Qe6 25. b4 Rc8 26. Rxe5 Qxa2 27. Qh3
Qc4 28. Rc5 Rxc5 29. bxc5 Qxc5 30. Qd3 Rb3 31. Rc1 Bf6 32. e5 Qxe5 33. Bxe5 Rxd3
34. Bxf6 gxf6 35. Ra1 a5 36. Kg1 Rd5 37. Kf2 Re5 38. Kf3 Kg7 39. h4 Kg6 40. Kf4
Rf5+ 41. Ke4 Rb5 42. g3 Rb4+ 43. Kf3 a4 44. Kg2 h5 45. Rc1 a3 46. Rc5 Ra4 47.
Rc1 a2 48. Ra1 Kf5 0-1

[Event "London Classic Open 2018"]
[Site "London ENG"]
[Date "2018.12.10"]
[Round "2.56"]
[White "Roe, Simon J"]
[Black "Finn, Peter"]
[Result "0-1"]
[WhiteElo "2223"]
[BlackElo "1820"]
[WhiteFideId "401471"]
[BlackFideId "432156"]
[EventDate "2018.12.09"]

1. b3 Nf6 2. Bb2 d5 3. e3 c5 4. Nf3 Nc6 5. Bb5 Bg4 6. h3 Bxf3 7. Qxf3 a6 8.
Bxc6+ bxc6 9. O-O e6 10. d3 Bd6 11. e4 Bc7 12. Nd2 O-O 13. Rfd1 Nd7 14. Qe2 Qg5
15. Nf3 Qh5 16. Re1 Rae8 17. c4 f5 18. Nd4 Qxe2 19. Nxe2 Ne5 20. Rad1 f4 21. Ba3
f3 22. Ng3 fxg2 23. Kxg2 Nf3 24. Rf1 Nh4+ 25. Kh1 Rf3 26. Bxc5 Bxg3 27. fxg3
Rxg3 28. Rf4 g5 29. Rg4 Rxh3+ 30. Kg1 h6 31. Bd6 Kg7 32. Bg3 Kg6 33. Bxh4 Kh5
34. Rg2 Kxh4 35. Rf2 g4 36. d4 dxe4 37. Rf4 Rg3+ 38. Kh1 Rf3 39. Rxe4 Ref8 40.
Rxe6 h5 41. d5 Kh3 42. Kg1 Rg3+ 43. Kh1 Rf2 0-1

[Event "London Classic Open 2018"]
[Site "London ENG"]
[Date "2018.12.10"]
[Round "2.57"]
[White "Mihalik, Agoston"]
[Black "Fowler, Hugo"]
[Result "1/2-1/2"]
[WhiteElo "2220"]
[BlackElo "1799"]
[WhiteFideId "719021"]
[BlackFideId "433411"]
[EventDate "2018.12.09"]

1. e4 e5 2. Nf3 Nc6 3. d4 exd4 4. Nxd4 Bc5 5. Nb3 Bb6 6. Nc3 Nf6 7. Bg5 h6 8.
Bh4 d6 9. f3 g5 10. Bg3 a6 11. Qd2 Be6 12. O-O-O Qe7 13. Bf2 Nd7 14. g3 Nce5 15.
Bg2 Nc4 16. Qe2 Qf6 17. Bd4 Bxd4 18. Nxd4 O-O-O 19. Nxe6 Qxe6 20. h4 Ncb6 21.
Qf2 Kb8 22. Kb1 Ne5 23. Nd5 Nxd5 24. exd5 Qd7 25. Rd4 Qb5 26. Rhd1 Rhe8 27. Bf1
Qc5 28. hxg5 hxg5 29. c3 g4 30. Bg2 gxf3 31. Bxf3 Nxf3 32. Qxf3 Re7 33. Rf4 Rf8
34. g4 Qe3 35. Rf1 Qxf3 36. R1xf3 Rg8 37. Kc2 Re2+ 38. Kb3 Rg2 39. Rxf7 R2xg4
40. a4 R8g5 41. c4 Rg3 42. Rf8+ Ka7 43. a5 Rxf3+ 44. Rxf3 b6 45. Rf7 Kb7 46.
axb6 Kxb6 47. Kb4 c5+ 48. Ka4 Rg2 49. Ka3 Rg3+ 50. Ka2 Rh3 51. Rd7 Rh6 52. Kb3
Rh3+ 53. Kc2 Rh2+ 54. Kd3 Rh6 55. Ke3 Ka5 56. Rb7 Rh4 57. Kd3 Rg4 58. Kc3 Rg3+
59. Kc2 Rg2+ 60. Kb3 Rg3+ 61. Ka2 Rh3 62. b3 Rg3 63. Kb2 Rh3 64. Kc2 Rc3+ 65.
Kb2 Rh3 66. Rd7 Kb4 67. Rb7+ Ka5 68. Ka2 Rh2+ 69. Ka3 Ra2+ 1/2-1/2

[Event "London Classic Open 2018"]
[Site "London ENG"]
[Date "2018.12.10"]
[Round "2.58"]
[White "Bukojemski, Adam"]
[Black "Lane, Ryan"]
[Result "1-0"]
[WhiteElo "2218"]
[BlackElo "1723"]
[WhiteFideId "1114620"]
[BlackFideId "3227332"]
[EventDate "2018.12.09"]

1. e4 e5 2. Nf3 Nc6 3. Bc4 Bc5 4. c3 Nf6 5. d3 d6 6. b4 Bb6 7. Bg5 h6 8. Bh4 g5
9. Bg3 Bg4 10. h3 Bh5 11. Nbd2 Qd7 12. Qb3 O-O 13. a4 a5 14. b5 Ne7 15. O-O-O
Bg6 16. Nxe5 dxe5 17. Nf3 Qe8 18. Nxe5 Nd7 19. Ng4 Kg7 20. Rde1 Nc5 21. Qc2 Rd8
22. d4 Nxe4 23. Rxe4 Bxe4 24. Qxe4 Ng6 25. Qxb7 Qe7 26. Qc6 f6 27. Ne3 f5 28.
Nd5 Qa3+ 29. Kc2 f4 30. Nxc7 Bxc7 31. Qxc7+ Kh8 32. Qc6 fxg3 33. Qxg6 Rxf2+ 34.
Kd3 Qd6 35. Qxd6 Rxd6 36. Rb1 Rb6 37. Bd5 Kg7 38. c4 Kf8 39. c5 Rb8 40. b6 Ke7
41. c6 Rff8 42. c7 Rbc8 43. b7 Rxc7 44. b8=Q Rxb8 45. Rxb8 Kd6 46. Rb5 Rc1 47.
Rxa5 Rd1+ 48. Ke3 Re1+ 49. Kd2 Rf1 50. Be4 Ra1 51. Ra6+ Ke7 52. Rxh6 Rxa4 53.
Rg6 Rxd4+ 54. Ke3 Ra4 55. Rxg5 Kf6 56. Rxg3 Ke5 57. Rg5+ Kf6 58. Rc5 Ra3+ 59.
Kf4 Ra2 60. Rc6+ Kg7 61. Kg5 Ra5+ 62. Bf5 Ra2 63. Rc7+ Kf8 64. Kf6 Ra6+ 65. Be6
Ra8 66. Rg7 1-0